000 00439nam a2200181Ia 4500
001 17626
005 20260306171531.0
008 260306s9999||||xx |||||||||||||| ||und||
041 _aESP
082 _a658.1
_bM569
100 _aMoyano Fuentes, José
_eAUT
245 0 _aPrácticas de organización empresarial
260 _c2002
300 _a172 páginas :
_c27 cm.
650 _aGEN
654 _aCAN
942 _cLIB
_dJUS
_fJUS
_2ddc
_n
999 _c17626
_d17626